| 000 | 00788nam a22002297a 4500 | ||
|---|---|---|---|
| 999 |
_c20111 _d20111 |
||
| 003 | AR-CdUCM | ||
| 008 | 190319b ||||| |||| 00| 0 spa d | ||
| 040 |
_aMUNICIPALIDAD PROVINCIAL DEL CUSCO _cBIBLIOTECA MUNICIPAL DEL CUSCO |
||
| 082 |
_a330 / _bF87 |
||
| 100 |
_aFuchs, C. J. _98642 |
||
| 245 | _aEconomía política / | ||
| 260 |
_aBuenos Aires: _bLabor, _c1927. |
||
| 300 |
_a231 páginas ; _c17 cm. _bImagenes |
||
| 505 | _aContenido: Historia de la economía política-- Etapas de la economía de la producción -- Etapas del desarrollo histórico... | ||
| 650 |
_aEconomía. _9382 |
||
| 650 |
_aEtapas de la economía _942069 |
||
| 650 |
_aDistribución _99068 |
||
| 650 |
_aConsumo _97351 |
||
| 700 |
_aSánchez Sarto, Manuel _919644 |
||
| 942 |
_2ddc _cLIBROS |
||
| 945 | _arcc | ||